Fast forward your etiquette : 10 steps to conduct yourself with poise at work & at play.
| Main Author: | |
|---|---|
| Format: | Book |
| Published: |
Singapore:
Candid Creation Publishing,
2012.
|
| Subjects: |
| LEADER | 00453cam a2200145 7i4500 | ||
|---|---|---|---|
| 001 | 0000031520 | ||
| 005 | 20140811090000.0 | ||
| 090 | 0 | 0 | |a B 395 |b LUK |
| 100 | 1 | 0 | |a Luke |
| 245 | 1 | 0 | |a Fast forward your etiquette : |b 10 steps to conduct yourself with poise at work & at play. |
| 260 | 0 | 0 | |a Singapore: |b Candid Creation Publishing, |c 2012. |
| 300 | # | # | |a 86 p. |
| 650 | 0 | 0 | |a Etiquette |
| 650 | 0 | 0 | |a Business etiquette |
| 999 | |a B000034579 |b Book |c Book |e Business Information Centre | ||